[Event "Titled Tue 10th Jun Early"]
[Site "chess.com INT"]
[Date "2025.06.10"]
[Round "4"]
[White "Ernst, Sipke"]
[Black "Burmakin, Evgeniy"]
[Result "0-1"]
[WhiteTitle "GM"]
[BlackTitle "FM"]
[WhiteElo "2518"]
[BlackElo "2110"]
[WhiteFideId "1004689"]
[BlackFideId "4163729"]
[EventDate "2025.06.10"]

1. d4 Nf6 2. Nf3 g6 3. g3 Bg7 4. Bg2 O-O 5. O-O d5 6. a4 c5 7. dxc5 Ne4 8. Ng5
Nxg5 9. Bxg5 d4 10. b4 Na6 11. Bd2 Nc7 12. a5 Nd5 13. Qc1 Re8 14. a6 bxa6 15. c4
dxc3 16. Nxc3 Bb7 17. Rd1 e6 18. Bxd5 exd5 19. Bh6 Bh8 20. e3 Qf6 21. Nxd5 Bxd5
22. Rxd5 Qxa1 23. Qxa1 Bxa1 24. Bf4 Rac8 25. Rd7 Bc3 26. Rb7 a5 27. bxa5 Rxc5
28. a6 Ra8 29. e4 Rc6 30. h4 Rxa6 31. Kg2 h5 32. e5 Re6 33. Rb5 a5 34. Rc5 Bb2
35. Rb5 Bd4 36. Kf3 a4 37. Ke4 Bc3 38. Kd3 Be1 39. Ke2 Bc3 40. Kd3 Be1 41. Ke2
a3 42. Be3 a2 43. Bd4 a1=Q 44. Bxa1 Rxa1 45. f4 Kg7 46. Kf3 Bd2 47. f5 gxf5 48.
Rd5 Bc3 49. Rc5 Ra3 50. Kf4 Ra4+ 51. Kxf5 Be1 52. Rc2 Bxg3 53. Rg2 Rg4 54. Rg1
Rxe5# 0-1

[Event "Titled Tue 10th Jun Early"]
[Site "chess.com INT"]
[Date "2025.06.10"]
[Round "4"]
[White "Vlassov, Nikolai"]
[Black "Nguyen, Ngoc Truong Son"]
[Result "0-1"]
[WhiteTitle "IM"]
[BlackTitle "GM"]
[WhiteElo "2291"]
[BlackElo "2600"]
[WhiteFideId "4103360"]
[BlackFideId "12401110"]
[EventDate "2025.06.10"]

1. e4 e6 2. d4 d5 3. exd5 exd5 4. Nf3 Nf6 5. c4 Be7 6. Bd3 O-O 7. O-O Nc6 8. Nc3
Bg4 9. Be3 Bh5 10. Re1 Bg6 11. Bf1 Nb4 12. Rc1 dxc4 13. Bxc4 c6 14. Ne5 Nbd5 15.
Qf3 Kh8 16. g4 Nb6 17. Bb3 Nfd5 18. Nxd5 Nxd5 19. Bxd5 cxd5 20. Nxg6+ fxg6 21.
Qg2 Bd6 22. Rc2 Qh4 23. Rf1 h6 24. f4 Rae8 25. Bf2 Qf6 26. Qxd5 Qxf4 27. Qg2 Rf7
28. h3 Ref8 29. Re1 Qg5 30. Ree2 Rf3 31. Rc3 Rxc3 32. bxc3 Qc1+ 33. Be1 Kh7 34.
Qe4 b5 35. Kg2 Qd1 36. h4 Rf4 37. Qe6 Qd3 38. Re3 Qc2+ 39. Re2 Qd3 40. Re3 Qf1+
41. Kg3 Rf3# 0-1

[Event "Titled Tue 10th Jun Early"]
[Site "chess.com INT"]
[Date "2025.06.10"]
[Round "4"]
[White "Nugumanov, Bakhtiyar"]
[Black "Montejo Bello, Lorena Beatriz"]
[Result "0-1"]
[WhiteTitle "IM"]
[BlackTitle "WFM"]
[WhiteElo "2305"]
[BlackElo "2090"]
[WhiteFideId "13701797"]
[BlackFideId "3529045"]
[EventDate "2025.06.10"]

1. d4 d5 2. Nf3 Nf6 3. g3 e6 4. c4 dxc4 5. Bg2 c5 6. O-O Nc6 7. dxc5 Qxd1 8.
Rxd1 Bxc5 9. Nbd2 c3 10. bxc3 O-O 11. Nb3 Be7 12. Nfd4 Bd7 13. Nxc6 Bxc6 14.
Bxc6 bxc6 15. c4 a5 16. Bg5 a4 17. Nd4 Rac8 18. Rab1 h6 19. Bxf6 Bxf6 20. Nf3
Rb8 21. Kf1 a3 22. e4 Bb2 23. Ke2 Rb4 24. Nd2 Rd8 25. f4 Rd4 26. Ke3 c5 27. e5
Rb8 28. Ke2 f6 29. exf6 gxf6 30. Ke3 Rbd8 31. Ke2 Re8 32. Kf3 Kg7 33. Ne4 Rxc4
34. Nd6 Rc3+ 35. Kg4 Re7 36. Kh5 Rc2 37. h4 Rg2 38. g4 Rc2 39. Re1 c4 40. Nf5+
Kf7 41. Nxe7 Kxe7 42. Kxh6 Rh2 43. h5 Kf7 44. g5 fxg5 45. fxg5 Bg7+ 46. Kh7
Rxh5# 0-1

[Event "Titled Tue 10th Jun Early"]
[Site "chess.com INT"]
[Date "2025.06.10"]
[Round "4"]
[White "Bagheri, Maziar"]
[Black "Vifleemskaia, Svetlana"]
[Result "0-1"]
[WhiteTitle "FM"]
[BlackTitle "WFM"]
[WhiteElo "2287"]
[BlackElo "1942"]
[WhiteFideId "12530913"]
[BlackFideId "4129490"]
[EventDate "2025.06.10"]

1. e4 e5 2. Nf3 Nc6 3. Bb5 a6 4. Ba4 Nf6 5. O-O Be7 6. d3 b5 7. Bb3 d6 8. Bd2
O-O 9. c3 a5 10. h3 a4 11. Bc2 Re8 12. Re1 d5 13. Qe2 Bf8 14. Bc1 h6 15. Nbd2 d4
16. Nf1 a3 17. g4 Nh7 18. Ng3 g6 19. Kh2 Ng5 20. Nxg5 hxg5 21. Rg1 Be7 22. Bb3
Kg7 23. h4 axb2 24. Bxb2 dxc3 25. Bxc3 Nd4 26. Bxd4 Qxd4 27. h5 Rh8 28. Rac1 c5
29. Bd5 Ra3 30. Rgd1 Be6 31. Bxe6 fxe6 32. Qf3 Rf8 33. h6+ Kxh6 34. Nf5+ exf5
35. gxf5 gxf5 36. Kg2 fxe4 0-1

[Event "Titled Tue 10th Jun Early"]
[Site "chess.com INT"]
[Date "2025.06.10"]
[Round "4"]
[White "Jval Saurin Patel"]
[Black "Zhigalko, Sergei"]
[Result "0-1"]
[WhiteTitle "FM"]
[BlackTitle "GM"]
[WhiteElo "2331"]
[BlackElo "2572"]
[WhiteFideId "25968343"]
[BlackFideId "13502956"]
[EventDate "2025.06.10"]

1. d4 Nf6 2. c4 e6 3. Nc3 Bb4 4. a3 Bxc3+ 5. bxc3 O-O 6. f3 d5 7. cxd5 exd5 8.
e3 Bf5 9. Ne2 Re8 10. Ng3 Bg6 11. Bd3 c5 12. O-O Nc6 13. a4 Rc8 14. Re1 Qd7 15.
Ba3 cxd4 16. cxd4 h5 17. Bxg6 fxg6 18. Qd3 h4 19. Ne2 g5 20. h3 Na5 21. Nc3 Nc4
22. e4 dxe4 23. fxe4 g4 24. hxg4 Ne5 25. Qd2 Nc4 26. Qd3 Qxg4 27. e5 Nh5 28. Nd5
Nxa3 29. Rxa3 Rcd8 30. Re4 Qg5 31. Qc4 Kh8 32. Rf3 Rc8 33. Qe2 Rc1+ 34. Kf2 Ng3
35. Rff4 Nh1+ 36. Kf3 Qg3# 0-1

[Event "Titled Tue 10th Jun Early"]
[Site "chess.com INT"]
[Date "2025.06.10"]
[Round "4"]
[White "Rees, Ioan"]
[Black "Hou, Yifan"]
[Result "0-1"]
[WhiteTitle "FM"]
[BlackTitle "GM"]
[WhiteElo "2280"]
[BlackElo "2633"]
[WhiteFideId "1801236"]
[BlackFideId "8602980"]
[EventDate "2025.06.10"]

1. Nf3 Nf6 2. g3 b6 3. Bg2 Bb7 4. O-O g6 5. d3 Bg7 6. e4 d6 7. a4 c5 8. Re1 Nc6
9. Nbd2 O-O 10. Nc4 Nd7 11. c3 Qc7 12. Bf4 a6 13. h4 b5 14. Ne3 e6 15. Ng4 Nce5
16. Nfxe5 dxe5 17. Be3 f5 18. Nh6+ Kh8 19. Bg5 Nf6 20. exf5 Bxg2 21. Kxg2 exf5
22. Qf3 Rad8 23. axb5 axb5 24. Rh1 c4 25. dxc4 e4 26. Qe3 Bxh6 27. Bxf6+ Rxf6
28. Qxh6 bxc4 29. h5 Qg7 30. Qxg7+ Kxg7 31. Ra7+ Rf7 32. hxg6 hxg6 33. Rh7+ Kxh7
34. Rxf7+ Kh6 35. Rc7 Rb8 36. Rxc4 Rxb2 37. Kf1 Kg5 38. Rc6 Rc2 39. c4 Kh5 40.
Ke1 g5 41. Rc8 Kg4 42. c5 Kf3 43. Rg8 Rc1+ 44. Kd2 Rxc5 45. Rxg5 Kxf2 46. g4 e3+
47. Kd3 e2 48. gxf5 e1=Q 0-1

[Event "Titled Tue 10th Jun Early"]
[Site "chess.com INT"]
[Date "2025.06.10"]
[Round "4"]
[White "Pranesh, M"]
[Black "Coro, Lucas"]
[Result "1-0"]
[WhiteTitle "GM"]
[BlackTitle "IM"]
[WhiteElo "2580"]
[BlackElo "2438"]
[WhiteFideId "35028600"]
[BlackFideId "147222"]
[EventDate "2025.06.10"]

1. Nf3 c5 2. b3 Nf6 3. Bb2 g6 4. g3 Bg7 5. Bg2 d6 6. O-O e5 7. e3 O-O 8. d4 cxd4
9. exd4 e4 10. Nfd2 Re8 11. d5 Bg4 12. Qc1 Nbd7 13. Re1 Rc8 14. Nc3 e3 15. fxe3
Ne5 16. Qb1 Qd7 17. Rf1 Bh3 18. e4 Bxg2 19. Kxg2 b5 20. a3 a5 21. h3 b4 22. axb4
axb4 23. Ne2 h5 24. Qd1 h4 25. Bd4 Nh5 26. Ra7 Rc7 27. Rxc7 Qxc7 28. g4 Nf6 29.
Nf4 Nfd7 30. Rf2 Nxg4 31. Qxg4 Bxd4 32. Nxg6 Nf6 33. Rxf6 Bxf6 34. Ne7+ Kf8 35.
Nc6 Qc8 36. Qf4 Bg7 37. Qxd6+ Kg8 38. Ne7+ Rxe7 39. Qxe7 Qxc2 40. Qg5 Kf8 41.
Qd8# 1-0

[Event "Titled Tue 10th Jun Early"]
[Site "chess.com INT"]
[Date "2025.06.10"]
[Round "4"]
[White "Kornienko, Konstantin"]
[Black "Gelman, Alexander"]
[Result "0-1"]
[WhiteTitle "CM"]
[BlackTitle "IM"]
[WhiteElo "2141"]
[BlackElo "2403"]
[WhiteFideId "34400419"]
[BlackFideId "4118316"]
[EventDate "2025.06.10"]

1. d4 Nf6 2. Nf3 c5 3. e3 d6 4. c4 Nbd7 5. Nc3 e6 6. Be2 a6 7. O-O b6 8. b3 Bb7
9. Bb2 Be7 10. Qc2 Qc7 11. Rfd1 Rg8 12. Rac1 g5 13. d5 g4 14. Ne1 h5 15. Nd3
O-O-O 16. dxe6 fxe6 17. Nf4 Nf8 18. Bf1 h4 19. e4 Kb8 20. a4 N6d7 21. a5 Bg5 22.
axb6 Qxb6 23. g3 Ne5 24. Be2 hxg3 25. fxg3 Bxf4 26. gxf4 Nf3+ 27. Kh1 Ng6 28. f5
exf5 29. Nd5 Bxd5 30. Rxd5 fxe4 31. b4 Nf4 32. bxc5 dxc5 33. Bxf3 gxf3 34. Be5+
Ka7 35. Rxd8 Qxd8 36. Bxf4 Qd4 37. Bg3 e3 38. Qh7+ Rg7 39. Qh8 Rb7 40. Qh6 e2
41. h3 Qd1+ 42. Kh2 Qf1 0-1

[Event "Titled Tue 10th Jun Early"]
[Site "chess.com INT"]
[Date "2025.06.10"]
[Round "4"]
[White "Winkels, Marcel"]
[Black "Garcia Correa, Jose Ricardo"]
[Result "0-1"]
[WhiteTitle "CM"]
[BlackTitle "FM"]
[WhiteElo "1905"]
[BlackElo "2103"]
[WhiteFideId "1003887"]
[BlackFideId "5101832"]
[EventDate "2025.06.10"]

1. e3 d5 2. Nf3 c6 3. b3 Bg4 4. Bb2 Nd7 5. Be2 f6 6. d4 Qc7 7. O-O h5 8. h3 Bf5
9. Bd3 e6 10. Nh4 Ne7 11. Bxf5 exf5 12. Qf3 g6 13. c4 dxc4 14. bxc4 Bg7 15. Ba3
c5 16. Nd2 O-O-O 17. Rab1 Rhe8 18. dxc5 Ne5 19. Qe2 g5 20. Nhf3 g4 21. Nd4 N7c6
22. Nb5 Qf7 23. Nd6+ Rxd6 24. cxd6 gxh3 25. g3 h4 26. Nf3 hxg3 27. fxg3 Ng4 28.
Rb3 Bh6 29. Rfb1 Bxe3+ 30. Kh1 Bb6 31. Qd2 Be3 32. d7+ Qxd7 33. Qxd7+ Kxd7 34.
Rxb7+ Kc8 35. R7b3 f4 36. Bd6 fxg3 37. Bxg3 f5 38. Nh4 f4 39. Bh2 Nf2+ 40. Kg1
Rg8+ 41. Kf1 Nd4 42. Rb8+ Kd7 43. Rxg8 Nc2 0-1

[Event "Titled Tue 10th Jun Early"]
[Site "chess.com INT"]
[Date "2025.06.10"]
[Round "4"]
[White "Schnaider, Ilan"]
[Black "Maghsoodloo, Parham"]
[Result "0-1"]
[WhiteTitle "IM"]
[BlackTitle "GM"]
[WhiteElo "2388"]
[BlackElo "2691"]
[WhiteFideId "169013"]
[BlackFideId "12539929"]
[EventDate "2025.06.10"]

1. e4 c5 2. Nf3 e6 3. d4 cxd4 4. Nxd4 a6 5. c4 Nf6 6. Nc3 Bb4 7. Qd3 d6 8. f3
O-O 9. Be2 d5 10. cxd5 exd5 11. e5 Nfd7 12. f4 Nc6 13. Be3 Nc5 14. Qc2 Nxd4 15.
Bxd4 Ne6 16. O-O-O Nxf4 17. Bf3 Be6 18. Kb1 Rc8 19. Ka1 Qa5 20. Qb3 Rc4 21. g3
Ng6 22. Be2 Rc6 23. a3 Bc5 24. Nxd5 Bxa3 25. Qxa3 Qxa3+ 26. bxa3 Bxd5 27. Rhe1
Rfc8 28. Bb2 Bb3 29. Rd7 b5 30. Bf3 R6c7 31. Rd6 a5 32. Rb6 Bc4 33. Bc3 a4 34.
Bb4 Nf8 35. Bd6 Rd7 36. Bb7 Rcd8 37. Bc6 Rxd6 38. exd6 Rxd6 39. Re8 g6 40. Rbb8
Kg7 41. Rxf8 Rxc6 42. Rg8+ Kh6 43. Kb2 Rf6 44. h4 Rf2+ 45. Kc3 Rf3+ 46. Kb4 Rxg3
47. Rh8 Rb3+ 48. Ka5 Rxa3 49. Rbg8 Rh3 0-1

[Event "Titled Tue 10th Jun Early"]
[Site "chess.com INT"]
[Date "2025.06.10"]
[Round "4"]
[White "Ochedzan, Filip"]
[Black "Miserendino, Alfredo"]
[Result "1-0"]
[WhiteTitle "CM"]
[WhiteElo "1983"]
[BlackElo "2032"]
[WhiteFideId "21892610"]
[BlackFideId "101800"]
[EventDate "2025.06.10"]

1. f4 d5 2. Nf3 c5 3. g3 Nc6 4. Bg2 Nf6 5. O-O e6 6. d3 Bd6 7. Qe1 d4 8. e4 dxe3
9. Bxe3 O-O 10. h3 Rb8 11. Nc3 b6 12. Rd1 Bb7 13. Qf2 Qc8 14. g4 Nd5 15. Ne4 Be7
16. Bd2 Nd4 17. Nxd4 cxd4 18. Rc1 Rd8 19. Kh1 Nf6 20. Nxf6+ Bxf6 21. Bxb7 Rxb7
22. g5 Be7 23. Qg2 Rc7 24. Be1 Bf8 25. Bg3 Rc5 26. Rf2 Rf5 27. Re2 g6 28. h4 Qa8
29. Qxa8 Rxa8 30. Kg2 b5 31. Kf3 b4 32. Re5 a5 33. Ke4 Rxe5+ 34. fxe5 Bc5 35.
Bf2 Rd8 36. c3 bxc3 37. bxc3 Ba7 38. Bxd4 Bxd4 39. cxd4 Rb8 40. Rc5 a4 41. Rc4
a3 42. Ra4 Rb2 43. Rxa3 Rh2 44. Ke3 Rxh4 45. Rb3 h5 46. a4 Rh3+ 47. Ke4 Rh4+ 48.
Ke3 Rh3+ 49. Kf2 Rh2+ 50. Kg3 Ra2 51. Rb4 Kg7 52. Kf4 Ra3 53. Ke4 Kf8 54. d5
exd5+ 55. Kxd5 Rxd3+ 56. Kc6 Ra3 57. Kb5 Ke7 58. a5 Ke6 59. a6 Rc3 60. a7 Rc8
61. Rf4 Kxe5 62. Rxf7 Ra8 63. Kb6 h4 64. Kb7 Rxa7+ 65. Kxa7 h3 66. Rh7 Kf5 67.
Rxh3 Kxg5 68. Kb6 Kf4 69. Kc5 g5 70. Kd4 g4 71. Rh8 Kf3 72. Rf8+ Ke2 73. Rg8 Kf3
74. Kd3 g3 75. Rf8+ Kg2 76. Ke2 Kh1 77. Rh8+ Kg1 78. Kf3 g2 79. Kg3 Kf1 80. Rf8+
Kg1 81. Ra8 Kh1 82. Rh8+ Kg1 83. Rh2 Kf1 84. Rxg2 1-0

[Event "Titled Tue 10th Jun Early"]
[Site "chess.com INT"]
[Date "2025.06.10"]
[Round "4"]
[White "Gilfanov, Marat I"]
[Black "Mohylnyi, Stepan"]
[Result "1-0"]
[WhiteTitle "FM"]
[BlackTitle "FM"]
[WhiteElo "2343"]
[BlackElo "2314"]
[WhiteFideId "34372164"]
[BlackFideId "34127836"]
[EventDate "2025.06.10"]

1. e4 c5 2. Nf3 e6 3. c3 a6 4. d4 cxd4 5. cxd4 d5 6. e5 Nc6 7. Nc3 b5 8. Bd3
Nge7 9. O-O Nf5 10. Ne2 h5 11. Bg5 Be7 12. Bxe7 Qxe7 13. Rc1 Bd7 14. Bxf5 exf5
15. h4 Rc8 16. Qd2 O-O 17. Nf4 Be6 18. Nxh5 b4 19. Rc5 Na7 20. Rfc1 Nb5 21. Qxb4
Rb8 22. Qd2 Rfc8 23. a4 Na7 24. b4 Bd7 25. Rc7 Rxc7 26. Rxc7 Nc6 27. e6 fxe6 28.
Ne5 Nxe5 29. dxe5 Qd8 30. Ra7 Qxh4 31. Nf4 Be8 32. g3 Qh6 33. Rxa6 Bf7 34. Kg2
g5 35. Nxd5 Kg7 36. Ne3 Qh7 37. Nf1 Qh6 38. Ne3 Qh7 39. Nc4 Qh6 40. Nd6 Qg6 41.
Ra7 Rf8 42. Rxf7+ Rxf7 43. Nxf7 Qxf7 44. Qxg5+ Kf8 45. Qf6 Qxf6 46. exf6 Kf7 47.
a5 1-0

[Event "Titled Tue 10th Jun Early"]
[Site "chess.com INT"]
[Date "2025.06.10"]
[Round "4"]
[White "Smieszek, Wojciech"]
[Black "Ebrahimi Herab, Hamidreza"]
[Result "1-0"]
[WhiteTitle "CM"]
[BlackTitle "FM"]
[WhiteElo "2141"]
[BlackElo "2404"]
[WhiteFideId "1156047"]
[BlackFideId "22512888"]
[EventDate "2025.06.10"]

1. e4 c5 2. Nf3 e6 3. d4 cxd4 4. Nxd4 Nf6 5. Nc3 Nc6 6. a3 Be7 7. Be3 O-O 8. Bd3
d5 9. exd5 exd5 10. O-O Re8 11. Re1 h6 12. Qd2 Ng4 13. h3 Nxe3 14. Qxe3 Bd7 15.
Nxc6 bxc6 16. Qg3 Bf6 17. Rxe8+ Qxe8 18. Qf3 Rb8 19. Na4 Bxb2 20. Nxb2 Rxb2 21.
Qf4 Qb8 22. Qd4 Rb1+ 23. Rxb1 Qxb1+ 24. Kh2 Qb8+ 25. Kg1 Qb1+ 26. Kh2 Qb6 27.
Qe5 Be6 28. f4 Qd8 29. f5 Bd7 30. Qd6 Qc8 31. f6 Bf5 32. Bxf5 Qxf5 33. fxg7 Kxg7
34. Qxc6 Qe5+ 35. Kg1 d4 36. Qf3 Kg6 37. Qd3+ Kf6 38. Qa6+ Kg5 39. Qxa7 f5 40.
Qb7 Qe3+ 41. Kh2 Qf4+ 42. g3 Qd2+ 43. Qg2 Qc3 44. h4+ Kf6 45. Qf2 Ke5 46. Qf4+
Ke6 47. Qxh6+ Kd5 48. Qf4 Qxc2+ 49. Kh3 Qb1 50. Qf3+ Kc5 51. h5 Kd6 52. h6 f4
53. Qxf4+ Kd5 54. Qf3+ Kc4 55. Qc6+ Kd3 56. h7 Qf1+ 57. Kg4 Qf8 58. Qf3+ 1-0

[Event "Titled Tue 10th Jun Early"]
[Site "chess.com INT"]
[Date "2025.06.10"]
[Round "4"]
[White "Lissang, Christopher"]
[Black "Vakhlamov, Igor L."]
[Result "0-1"]
[WhiteTitle "FM"]
[BlackTitle "FM"]
[WhiteElo "2317"]
[BlackElo "2413"]
[WhiteFideId "1709615"]
[BlackFideId "24126748"]
[EventDate "2025.06.10"]

1. d4 d5 2. c4 e6 3. g3 Nf6 4. Bg2 c5 5. cxd5 exd5 6. Nf3 Nc6 7. O-O Be7 8. Nc3
O-O 9. b3 Ne4 10. Bb2 Bf6 11. Na4 Bg4 12. Rc1 cxd4 13. Re1 Bxf3 14. exf3 Nd6 15.
f4 Nb5 16. Qh5 d3 17. Rcd1 Nb4 18. Re3 g6 19. Bxf6 Qxf6 20. Qe5 Qxe5 21. Rxe5
Rfe8 22. a3 Nxa3 23. Nc5 Rxe5 24. fxe5 Rd8 25. Nxd3 Nc6 26. f4 Nb5 27. Nc5 b6
28. Nb7 Rd7 29. Rxd5 Rxd5 30. Bxd5 Ncd4 31. Nd6 Nxd6 32. exd6 Kf8 33. Kf2 Nf5
34. d7 Ke7 35. Bxf7 Kxd7 36. Bg8 h6 37. Bh7 Ne7 38. g4 Ke6 39. h4 Kf7 40. f5
gxf5 41. gxf5 Kf6 42. Kf3 Nxf5 43. Kg4 Nd4 44. Kh5 Kg7 0-1

[Event "Titled Tue 10th Jun Early"]
[Site "chess.com INT"]
[Date "2025.06.10"]
[Round "4"]
[White "Murawski, Jan"]
[Black "Hoang, Thi Bao Tram"]
[Result "1/2-1/2"]
[WhiteTitle "CM"]
[BlackTitle "WGM"]
[WhiteElo "2164"]
[BlackElo "2163"]
[WhiteFideId "21009287"]
[BlackFideId "12401102"]
[EventDate "2025.06.10"]

1. c4 e6 2. Nc3 d5 3. d4 Nf6 4. Bg5 Be7 5. e3 h6 6. Bh4 O-O 7. Nf3 Nbd7 8. cxd5
exd5 9. Bd3 c5 10. dxc5 Nxc5 11. Bc2 Be6 12. O-O Nce4 13. Ne2 Qb6 14. Rb1 Rac8
15. Ned4 Rc7 16. Nxe6 fxe6 17. Ne5 Rfc8 18. Bxe4 Nxe4 19. Bxe7 Rxe7 20. Rc1 Rd8
21. Rc4 Qd6 22. Ng6 Rf7 23. Ra4 b5 24. Rd4 e5 25. Rd3 Qxg6 26. Rxd5 Rdf8 27. Rd8
Rxd8 28. Qxd8+ Kh7 29. Qd5 Ng5 30. Kh1 Qc2 31. h4 Qe2 32. Kg1 Nh3+ 33. gxh3 Rf6
34. h5 Qxh5 35. Kh2 Qe2 36. Qe4+ Kh8 37. Qa8+ Kh7 38. Qe4+ Kg8 39. Qd5+ Kh8 40.
Qa8+ Kh7 41. Qe4+ 1/2-1/2

[Event "Titled Tue 10th Jun Early"]
[Site "chess.com INT"]
[Date "2025.06.10"]
[Round "4"]
[White "Yanev, Tihomir"]
[Black "Unver, Cumayi"]
[Result "1-0"]
[WhiteTitle "IM"]
[WhiteElo "2354"]
[BlackElo "2012"]
[WhiteFideId "2910110"]
[BlackFideId "6304940"]
[EventDate "2025.06.10"]

1. e4 e5 2. Nf3 Nc6 3. Bb5 a6 4. Ba4 Nf6 5. d3 b5 6. Bb3 Be7 7. c3 d6 8. O-O O-O
9. Re1 Na5 10. Bc2 c5 11. Nbd2 Nc6 12. Nf1 Be6 13. Ng3 h6 14. h3 Qc7 15. Be3
Rfe8 16. Qd2 Bf8 17. d4 cxd4 18. cxd4 exd4 19. Nxd4 Nxd4 20. Bxd4 Nd7 21. Nh5
Rac8 22. Rac1 Qd8 23. Bb1 Qg5 24. Qxg5 hxg5 25. Ng3 g6 26. Be3 Bg7 27. b3 f6 28.
Ne2 Ne5 29. Nd4 Bd7 30. f3 Nc6 31. Nxc6 Rxc6 32. Kf2 Rec8 33. Rxc6 Rxc6 34. Rd1
Bf8 35. Bd4 Kf7 36. Bb2 Be6 37. Ke3 a5 38. Bd3 b4 39. Rc1 Rxc1 40. Bxc1 a4 41.
Bc2 a3 42. Bd2 d5 43. exd5 Bxd5 44. Kd4 Be6 45. Bd3 Bxb3 46. Bc4+ Bxc4 47. Kxc4
Ke6 48. Bxb4 Bxb4 49. Kxb4 Ke5 50. Kxa3 Kf4 51. Kb4 Kg3 52. a4 Kxg2 53. a5 1-0

[Event "Titled Tue 10th Jun Early"]
[Site "chess.com INT"]
[Date "2025.06.10"]
[Round "4"]
[White "Sanhueza, Cristian"]
[Black "Klymchuk, Andriy"]
[Result "0-1"]
[WhiteTitle "FM"]
[BlackTitle "FM"]
[WhiteElo "2213"]
[BlackElo "2405"]
[WhiteFideId "116815"]
[BlackFideId "14140063"]
[EventDate "2025.06.10"]

1. e4 c5 2. Nf3 Nc6 3. d4 cxd4 4. Nxd4 g6 5. Nc3 Bg7 6. Be3 Nf6 7. Bc4 Qa5 8.
O-O d6 9. h3 O-O 10. Bb3 Bd7 11. Re1 Qh5 12. Qxh5 Nxh5 13. Rad1 Nf6 14. Nd5 Nxd5
15. exd5 Na5 16. Bg5 Bf6 17. Bxf6 exf6 18. Re7 Rfd8 19. Rde1 Kf8 20. f4 Rac8 21.
Kf2 Rc5 22. R7e3 Nxb3 23. axb3 Rxd5 24. c3 Ra5 25. g4 Ra2 26. R1e2 a5 27. Rd2
Re8 28. Rxe8+ Kxe8 29. Kg3 b5 30. h4 h6 31. h5 a4 32. bxa4 bxa4 33. Re2+ Kd8 34.
hxg6 fxg6 35. Kf3 Kc7 36. Ke4 h5 37. gxh5 gxh5 38. Kd3 Bg4 39. Re7+ Kb6 40. Rf7
Rxb2 41. Rxf6 a3 42. Rxd6+ Kb7 43. Rd5 a2 44. Ra5 h4 45. f5 h3 46. f6 Rf2 47. f7
h2 48. Rxa2 Rxa2 49. f8=Q h1=Q 50. Qg7+ Kb8 51. Qf8+ Bc8 52. Qb4+ Qb7 53. Qc4
Qa6 54. Nc6+ Ka8 55. Nb4 Qxc4+ 56. Kxc4 Rh2 57. Kc5 Kb7 58. c4 Be6 59. Nd5 Bxd5
60. cxd5 Kc7 0-1

[Event "Titled Tue 10th Jun Early"]
[Site "chess.com INT"]
[Date "2025.06.10"]
[Round "4"]
[White "Kalyani Sirin"]
[Black "Todorovic, Bojan"]
[Result "1-0"]
[WhiteTitle "WFM"]
[BlackTitle "FM"]
[WhiteElo "2138"]
[BlackElo "2111"]
[WhiteFideId "33323500"]
[BlackFideId "917087"]
[EventDate "2025.06.10"]

1. e4 g6 2. d4 Bg7 3. Nc3 d6 4. Be3 a6 5. Qd2 Nd7 6. Nf3 b5 7. O-O-O Bb7 8. a3
Ngf6 9. Bd3 O-O 10. Bh6 c5 11. Bxg7 Kxg7 12. e5 Nd5 13. Nxd5 Bxd5 14. exd6 exd6
15. Qf4 Qf6 16. Qxf6+ Nxf6 17. dxc5 dxc5 18. Be2 Rfe8 19. Rhe1 Re7 20. Bf1 Rae8
21. Rxe7 Rxe7 22. Re1 Rxe1+ 23. Nxe1 Ng4 24. f3 Nxh2 25. Be2 h5 26. Kd2 g5 27.
Ke3 h4 28. Kf2 f5 29. Kg1 Nxf3+ 30. Nxf3 Kf6 31. Kf2 Bxf3 32. Bxf3 Ke5 33. c3 a5
34. Ke3 g4 35. Be2 f4+ 36. Kf2 Ke4 37. Bxb5 g3+ 38. Ke2 f3+ 39. gxf3+ Kf4 40.
Bd7 g2 41. Kf2 g1=Q+ 42. Kxg1 Kxf3 43. b4 axb4 44. axb4 cxb4 45. cxb4 1-0

[Event "Titled Tue 10th Jun Early"]
[Site "chess.com INT"]
[Date "2025.06.10"]
[Round "4"]
[White "Ugorek, Kacper"]
[Black "Klys, Kacper"]
[Result "1-0"]
[WhiteTitle "CM"]
[WhiteElo "2262"]
[BlackElo "2218"]
[WhiteFideId "21890676"]
[BlackFideId "21005281"]
[EventDate "2025.06.10"]

1. b3 e5 2. Bb2 Nc6 3. g3 d5 4. Bg2 f5 5. c4 d4 6. e3 Nf6 7. exd4 exd4 8. d3
Bb4+ 9. Nd2 O-O 10. Ne2 Re8 11. O-O Bc5 12. a3 a5 13. Re1 Qd6 14. Nf4 Bd7 15.
Nd5 Nxd5 16. Bxd5+ Be6 17. Rxe6 Rxe6 18. Qf3 Re8 19. Qxf5 Nd8 20. Ne4 Qe7 21.
Nxc5 Qxc5 22. Re1 Qd6 23. Bxd4 c6 24. Bxe6+ Rxe6 25. Rxe6 Nxe6 26. Bb2 b6 27. b4
axb4 28. axb4 Nf8 29. Qe5 Qd7 30. d4 Qf7 31. d5 cxd5 32. Qxd5 Qxd5 33. cxd5 Kf7
34. f4 Ng6 35. Kf2 Ne7 36. d6 Nf5 37. Be5 g6 38. Kf3 Ke6 39. g4 Nh6 40. h3 Nf7
41. Ke4 Kd7 42. Kd5 Nd8 43. f5 gxf5 44. gxf5 b5 45. Kc5 Nc6 46. Bf4 h5 47. f6
Nd8 48. Kxb5 Ke6 49. Kb6 Kxf6 50. b5 Ke6 51. Kc7 Nf7 52. b6 Kf5 53. b7 Kxf4 54.
b8=Q Ng5 55. Qh8 Nxh3 56. Qxh5 1-0

[Event "Titled Tue 10th Jun Early"]
[Site "chess.com INT"]
[Date "2025.06.10"]
[Round "4"]
[White "Goncharov, Vladimir"]
[Black "Aslanov, Umid"]
[Result "0-1"]
[BlackTitle "FM"]
[WhiteElo "2077"]
[BlackElo "2298"]
[WhiteFideId "34162256"]
[BlackFideId "13412620"]
[EventDate "2025.06.10"]

1. d4 d5 2. c4 e6 3. Nf3 Nf6 4. g3 Bb4+ 5. Bd2 Bd6 6. Bg2 c6 7. Qc2 O-O 8. O-O
Nbd7 9. b3 Ne4 10. Bc1 f5 11. e3 g5 12. Ba3 Bxa3 13. Nxa3 f4 14. exf4 gxf4 15.
Rae1 Qf6 16. Nb1 Qh6 17. Nc3 Ndf6 18. Ne5 Nxc3 19. Qxc3 a5 20. Qc1 Nh5 21. Bf3
a4 22. b4 a3 23. b5 Ra4 24. bxc6 bxc6 25. Qc2 Rb4 26. Qc3 Rb2 27. Qxa3 Rd2 28.
g4 Ng3 29. Kg2 Nxf1 30. Rxf1 Rxd4 31. c5 Qg7 32. Nxc6 Rc4 33. Rc1 Bb7 34. Rxc4
dxc4 35. h3 h5 36. Qb4 hxg4 37. hxg4 Bxc6 38. Bxc6 Qxg4+ 39. Kf1 Qd1+ 40. Kg2
Qg4+ 41. Kf1 Rd8 42. f3 Qh3+ 43. Ke1 Qh1+ 44. Kf2 Qh2+ 45. Ke1 Qg1+ 46. Ke2 Qd1+ 0-1

[Event "Titled Tue 10th Jun Early"]
[Site "chess.com INT"]
[Date "2025.06.10"]
[Round "4"]
[White "Neustroev, Victor"]
[Black "Ruperez Benito, Antonio"]
[Result "0-1"]
[WhiteTitle "FM"]
[BlackTitle "FM"]
[WhiteElo "2283"]
[BlackElo "2328"]
[WhiteFideId "4144147"]
[BlackFideId "22245049"]
[EventDate "2025.06.10"]

1. e4 e6 2. d4 d5 3. Nc3 Bb4 4. e5 c5 5. a3 Bxc3+ 6. bxc3 Qa5 7. Bd2 Qa4 8. Qg4
Kf8 9. Nf3 Nc6 10. Be2 Nge7 11. O-O Qxc2 12. dxc5 Nxe5 13. Nxe5 Qxd2 14. c4 h5
15. Qf3 Nf5 16. Rfd1 Qb2 17. Nd3 Qf6 18. cxd5 Nd4 19. Qxf6 Nxe2+ 20. Kf1 gxf6
21. Kxe2 exd5 22. Nf4 Bd7 23. Rxd5 Bc6 24. Rd6 Re8+ 25. Kf1 Kg7 26. h4 Re5 27.
Rc1 Rhe8 28. g3 Bb5+ 29. Kg2 Bc6+ 30. Kh2 Re1 31. Nxh5+ Kh6 32. Nxf6 Rxc1 33.
Nxe8+ Kh5 34. Nf6+ Kg6 35. g4 Rh1+ 36. Kg3 Ra1 37. f3 Rxa3 38. Ne4+ Kg7 39. Kf4
Ra4 40. h5 Rc4 41. h6+ Kh7 42. Kg5 Bxe4 0-1